| 000 | 01115nam a22003857a 4500 | ||
|---|---|---|---|
| 001 | BR8003135 | ||
| 003 | BR-BrBNA | ||
| 005 | 20230928090618.0 | ||
| 007 | ta | ||
| 008 | 230509b bl.||||| |||| 00| 0 por d | ||
| 040 |
_aBR-BrBNA _bpor _cBiblioteca Nacional de Agricultura |
||
| 041 | _a(Por) | ||
| 072 |
_aF00; L00; E70 _b0150 _b1410 _b0120 _b1540 _b9702 _b9790 _b/G514 |
||
| 090 | _ 0150 BR8003135 | ||
| 110 | 1 |
_aSecretaria da Agricultura do Maranhao, Sao Luis (Brasil) _98255 |
|
| 245 | 1 | _aPerspectivas do Maranhao como polo produtor de alimentos do Nordeste; Polomaranhao [Arroz; Feijao; Milho; Mandioca; Carne; Bovino; Bufalo; Brasil] | |
| 260 | 3 |
_aSao Luis, MA (Brasil): _c1980. |
|
| 300 | _a13 p. | ||
| 650 | _aProducao vegetal | ||
| 650 | _aProducao animal | ||
| 650 | _aComercializacao | ||
| 650 | _aArroz | ||
| 650 | _aFeijao | ||
| 650 | _aMilho | ||
| 650 | _aMandioca | ||
| 650 | _aCarne | ||
| 650 | _aBovino | ||
| 650 | _aBufalo | ||
| 650 | _aConsumo | ||
| 650 | _aAlimento | ||
| 650 | _aNordeste | ||
| 650 | _aMaranhao | ||
| 909 |
_a202309 _bLucia _c55 _dLucia Elande |
||
| 942 | _cBK | ||
| 999 |
_c29637 _d29637 |
||